Satu kajian eksperimen : penerapan kaedah kodaly dan orff dalam pembelajaran violin pelajar Tingkatan Satu di Ipoh, Perak /
Saved in:
| Main Author: | |
|---|---|
| Format: | Thesis Book |
| Language: | Malay |
| Published: |
2008.
|
| Subjects: | |
| Tags: |
Add Tag
No Tags, Be the first to tag this record!
|
| LEADER | 01070cam a2200265 a 4500 | ||
|---|---|---|---|
| 001 | u758599 | ||
| 003 | SIRSI | ||
| 005 | 200808011433 | ||
| 008 | 080801s2008 my t 000 0 may m | ||
| 040 | |a UMM | ||
| 043 | |a a-my-pe | ||
| 090 | |a PN2037 |b UM 2008 Chr | ||
| 100 | 0 | |a Christine Augustine. | |
| 245 | 1 | 0 | |a Satu kajian eksperimen : |b penerapan kaedah kodaly dan orff dalam pembelajaran violin pelajar Tingkatan Satu di Ipoh, Perak / |c Christine a/p Augustine. |
| 260 | |c 2008. | ||
| 300 | |a xiv, 194, [2] leaves : |b ill. ; |c 30 cm. | ||
| 502 | |a Dissertation (M.A .(Perform. Arts)) -- Pusat Kebudayaan, Universiti Malaya, 2008. | ||
| 504 | |a Bibliography: leaves 126-132. | ||
| 650 | 0 | |a Violin |x Instruction and study |z Perak |z Ipoh. | |
| 650 | 0 | |a Music |x Instruction and study |z Perak |z Ipoh. | |
| 650 | 0 | |a Violin music |x Instruction and study |z Perak |z Ipoh. | |
| 710 | 2 | |a Universiti Malaya. |b Pusat Kebudayaan. | |
| 900 | |a RM-ZA | ||
| 596 | |a 1 | ||
| 999 | |a PN2037 UM 2008 CHR |w LC |c 1 |i A513259119 |d 16/12/2016 |e 16/12/2016 |f 12/10/2009 |g 1 |l STACKS |m P01UTAMA |n 14 |r Y |s Y |t TESIS |u 12/10/2009 | ||
